| 000 | 004860000a22001810004500 | ||
|---|---|---|---|
| 003 | MACL | ||
| 005 | 20150908114224.0 | ||
| 008 | 150908b xxu||||| |||| 00| 0 eng d | ||
| 040 |
_aMACL _cMACL |
||
| 041 | _aEnglish | ||
| 082 | _a820/MAH | ||
| 100 |
_aMahapatra, Sitakant _97549 |
||
| 245 |
_aBeyond The World _bThe Multiple Gestures Of Tradition |
||
| 260 |
_bMotilal Banarsidas Publishers _c1993 _aDelhi |
||
| 350 | _a150 | ||
| 650 |
_aEnglish Literature _9927 |
||
| 942 |
_cBK _k820 _2ddc |
||
| 999 |
_c3519 _d3519 |
||